000 01881nam a22004937a 4500
001 000095668
003 CHAP
005 20220329143120.0
008 060502d2005 mx r 00110 spa d
010 _a92134
011 _a93106
035 _a103677
040 _cCHAP
090 _aTesis
100 1 _aCervantes Carrillo, Juan Oscar Aníbal.
_921551
245 1 0 _aEvaluación financiera y de riesgo de una plantación forestal comercial en la región de Zihuateutla, Puebla /
_c/por Juan Oscar Aníbal Cervantes Carrillo.
260 _aChapingo, Méx. :
_bEl autor,
_c2005.
300 _a115 h.
502 _aTesis (Doctor en Ciencias en Economía Agrícola) - - UACH. División de Ciencias Económico Administrativas. Dirección de Programas de Posgrado
590 _aALEPH
_b10
_c20130110
_lUCH01
_h1511
590 _aBATCH-UPD
_b10
_c20130110
_lUCH01
_h0038
590 _aBATCH-UPD
_b10
_c20130110
_lUCH01
_h0818
590 _aBATCH-UPD
_b10
_c20130410
_lUCH01
_h0455
590 _aBATCH-UPD
_b10
_c20130914
_lUCH01
_h1408
590 _aBATCH-UPD
_b10
_c20140324
_lUCH01
_h1456
590 _aBATCH-UPD
_b10
_c20141002
_lUCH01
_h0830
590 _aBATCH
_b00
_c20181121
_lUCH01
_h0759
590 _aCONVERSION
_b10
_c20130109
_lUCH01
_h1351
590 _aE12093SGE
_b10
_c20130628
_lUCH01
_h0912
590 _aE12093SGE
_b10
_c20130710
_lUCH01
_h0915
650 1 4 _aÁrboles de sombra.
_982445
650 1 4 _aÁrboles
_xPuebla.
_96639
650 1 4 _aFinanzas
_xEvaluación.
_940940
650 1 4 _aMimosa scabrella.
_975898
650 1 4 _aPlantación de árboles.
_988782
856 _3Finding aid
_uhttp://10.13.5.2/tesis/103677.pdf
_zTeclea aquí
856 _a1
_n0001512
901 _aBK
905 _aLilia
942 _cCD
942 _n0
949 _aTesis
_bBC
_cTES
_d33724000985081
_eTS2
_fc.2
_h45076
_i103677
_si
949 _aTesis
_bBC
_cTES
_d33724000985149
_eTS1
_h45075
_i103677
_sb
999 _c92134
_d92134